[Event "Muensterland Regionalliga 2526"]
[Site "Germany"]
[Date "2026.02.21"]
[Round "2"]
[Board "7"]
[White "Henschen, Daniel"]
[Black "Broemmel, Chris"]
[Result "1/2-1/2"]
[WhiteElo "1588"]
[BlackElo "1827"]
[WhiteFideId "-1"]
[BlackFideId "-1"]
[PlyCount "42"]
[GameId "2095107553645802"]
[EventDate "2025.??.??"]
[EventType "team-tourn"]
[EventRounds "9"]
[EventCountry "GER"]
[SourceTitle "Verband Muensterland"]
[SourceDate "2025.09.21"]
[SourceVersion "1"]
[SourceVersionDate "2025.09.21"]
[SourceQuality "1"]
[WhiteTeam "Saerbeck"]
[BlackTeam "Raesfeld Erle II"]
[WhiteTeamCountry "GER"]
[BlackTeamCountry "GER"]

1. Nf3 b6 2. g3 Bb7 3. Bg2 g5 4. O-O g4 5. Nh4 Nc6 6. d4 e6 7. d5 Na5 8. Qd4 Nf6 9. Nc3 c5 10. Qd1 a6 11. e4 Qc7 12. Bf4 d6 13. Bg5 Be7 14. dxe6 fxe6 15. Bxf6 Bxf6 16. Qxg4 Ke7 17. Bh3 Bc8 18. Qh5 Bd7 19. Nf5+ Kf8 20. Qh6+ Kf7 21. Qh5+ Kf8 1/2-1/2

[Event "Muensterland Regionalliga 2526"]
[Site "Germany"]
[Date "2026.02.21"]
[Round "2"]
[Board "8"]
[White "Beckmann, Klaus"]
[Black "Roos, Wilfried"]
[Result "1/2-1/2"]
[WhiteElo "1561"]
[BlackElo "1608"]
[WhiteFideId "-1"]
[BlackFideId "-1"]
[PlyCount "28"]
[GameId "2095107615425779"]
[EventDate "2025.??.??"]
[EventType "team-tourn"]
[EventRounds "9"]
[EventCountry "GER"]
[SourceTitle "Verband Muensterland"]
[SourceDate "2025.09.21"]
[SourceVersion "1"]
[SourceVersionDate "2025.09.21"]
[SourceQuality "1"]
[WhiteTeam "Raesfeld Erle II"]
[BlackTeam "Saerbeck"]
[WhiteTeamCountry "GER"]
[BlackTeamCountry "GER"]

1. d4 Nf6 2. Bf4 e6 3. e3 c5 4. Nf3 Nc6 5. c4 cxd4 6. exd4 d5 7. Nc3 dxc4 8. Bxc4 a6 9. O-O Bd6 10. Bxd6 Qxd6 11. d5 exd5 12. Bxd5 Nxd5 13. Qxd5 Qxd5 14. Nxd5 O-O 1/2-1/2

[Event "Muensterland Regionalliga 2526"]
[Site "Germany"]
[Date "2025.11.08"]
[Round "3"]
[Board "1"]
[White "Tuente, Marcel"]
[Black "Kamphuis, Jasper"]
[Result "1-0"]
[WhiteElo "1953"]
[BlackElo "2102"]
[WhiteFideId "-1"]
[BlackFideId "-1"]
[PlyCount "63"]
[GameId "2243755605065860"]
[EventDate "2025.??.??"]
[EventType "team-tourn"]
[EventRounds "9"]
[EventCountry "GER"]
[SourceTitle "Verband Muensterland"]
[SourceDate "2025.09.21"]
[SourceVersion "1"]
[SourceVersionDate "2025.09.21"]
[SourceQuality "1"]
[WhiteTeam "Raesfeld Erle II"]
[BlackTeam "Gronau"]
[WhiteTeamCountry "GER"]
[BlackTeamCountry "GER"]

1. e4 e5 2. Nf3 Nc6 3. Bc4 Nf6 4. O-O Bc5 5. d4 exd4 6. e5 d5 7. exf6 dxc4 8. fxg7 Rg8 9. Re1+ Be6 10. Bg5 Be7 11. Bxe7 Kxe7 12. Nbd2 Qd5 13. Qe2 b5 14. b3 c3 15. Ne4 Rxg7 16. Rad1 b4 17. Ng3 Rag8 18. Nxd4 Nxd4 19. Rxd4 Qa5 20. Qd3 Rg6 21. Rd5 c5 22. Rd7+ Kf8 23. Qd6+ Kg7 24. Rxe6 Rf8 25. Nh5+ Kg8 26. Rxg6+ hxg6 27. Nf6+ Kg7 28. Qe5 Qxa2 29. Ne8+ Kh6 30. Qg7+ Kh5 31. Nf6+ Kg5 32. Rd5+ 1-0

[Event "Muensterland Regionalliga 2526"]
[Site "Germany"]
[Date "2025.11.08"]
[Round "3"]
[Board "2"]
[White "Monsma, Menno"]
[Black "Broemmel, Rudolf"]
[Result "1-0"]
[WhiteElo "2091"]
[BlackElo "1910"]
[WhiteFideId "-1"]
[BlackFideId "-1"]
[PlyCount "63"]
[GameId "2243755605065862"]
[EventDate "2025.??.??"]
[EventType "team-tourn"]
[EventRounds "9"]
[EventCountry "GER"]
[SourceTitle "Verband Muensterland"]
[SourceDate "2025.09.21"]
[SourceVersion "1"]
[SourceVersionDate "2025.09.21"]
[SourceQuality "1"]
[WhiteTeam "Gronau"]
[BlackTeam "Raesfeld Erle II"]
[WhiteTeamCountry "GER"]
[BlackTeamCountry "GER"]

1. e4 Nc6 2. Nf3 d6 3. d4 Bg4 4. d5 Nb8 5. c4 c5 6. Nc3 g6 7. h3 Bxf3 8. Qxf3 Bg7 9. Be2 Nf6 10. Bd2 Nfd7 11. g4 Na6 12. O-O-O Nc7 13. h4 h6 14. Qg3 b5 15. cxb5 a6 16. b6 Nxb6 17. f4 Qd7 18. h5 Nb5 19. g5 hxg5 20. hxg6 f5 21. Rxh8+ Bxh8 22. g7 Bxg7 23. Qxg5 Bf8 24. Qg6+ Kd8 25. exf5 Nxc3 26. Bxc3 Qa4 27. f6 Qxf4+ 28. Kb1 Qe3 29. Re1 Qf2 30. Bg4 Nxd5 31. Ba5+ Nc7 32. Qe4 1-0

[Event "Muensterland Regionalliga 2526"]
[Site "Germany"]
[Date "2025.11.08"]
[Round "3"]
[Board "3"]
[White "Terhart, Juergen"]
[Black "Reckzuegel, Philipp"]
[Result "1-0"]
[WhiteElo "1851"]
[BlackElo "1998"]
[WhiteFideId "-1"]
[BlackFideId "-1"]
[PlyCount "65"]
[GameId "2243755605065864"]
[EventDate "2025.??.??"]
[EventType "team-tourn"]
[EventRounds "9"]
[EventCountry "GER"]
[SourceTitle "Verband Muensterland"]
[SourceDate "2025.09.21"]
[SourceVersion "1"]
[SourceVersionDate "2025.09.21"]
[SourceQuality "1"]
[WhiteTeam "Raesfeld Erle II"]
[BlackTeam "Gronau"]
[WhiteTeamCountry "GER"]
[BlackTeamCountry "GER"]

1. d4 Nf6 2. Bf4 d6 3. Nc3 g6 4. e4 Bg7 5. Qd2 O-O 6. O-O-O c6 7. Bh6 b5 8. f3 Qc7 9. h4 a5 10. h5 b4 11. Na4 Be6 12. hxg6 fxg6 13. Bxg7 Kxg7 14. Qh6+ Kg8 15. g4 Rf7 16. Nh3 Rg7 17. Ng5 Bf7 18. e5 dxe5 19. Nc5 Qd6 20. Nxf7 Kxf7 21. Bc4+ Nd5 22. Ne4 Qc7 23. Ng5+ Kf6 24. Nxh7+ Rxh7 25. Qxh7 exd4 26. Qh8+ Ke6 27. Rde1+ Kd7 28. Bxd5 Qf4+ 29. Kb1 cxd5 30. Rh7 Qd6 31. Qf8 Ra6 32. Rhxe7+ Kc6 33. R7e6 1-0

[Event "Muensterland Regionalliga 2526"]
[Site "Germany"]
[Date "2025.11.08"]
[Round "3"]
[Board "4"]
[White "Hoge, Torsten"]
[Black "Hoffmann, Fabian"]
[Result "1-0"]
[WhiteElo "1931"]
[BlackElo "2009"]
[WhiteFideId "-1"]
[BlackFideId "-1"]
[PlyCount "103"]
[GameId "2243755605065866"]
[EventDate "2025.??.??"]
[EventType "team-tourn"]
[EventRounds "9"]
[EventCountry "GER"]
[SourceTitle "Verband Muensterland"]
[SourceDate "2025.09.21"]
[SourceVersion "1"]
[SourceVersionDate "2025.09.21"]
[SourceQuality "1"]
[WhiteTeam "Gronau"]
[BlackTeam "Raesfeld Erle II"]
[WhiteTeamCountry "GER"]
[BlackTeamCountry "GER"]

1. d4 d5 2. Bf4 c6 3. c3 Bf5 4. Nf3 e6 5. Nbd2 Nf6 6. Qb3 Qb6 7. Nh4 Nbd7 8. h3 Ne4 9. Nxf5 exf5 10. Nf3 Bd6 11. Bxd6 Nxd6 12. e3 Qc7 13. Bd3 Ne4 14. c4 Qa5+ 15. Ke2 O-O 16. Rhd1 Ndf6 17. Rac1 g5 18. cxd5 cxd5 19. Ne5 f4 20. exf4 gxf4 21. Rc2 Rad8 22. Kf3 Ng5+ 23. Kxf4 Nfe4 24. Bxe4 Nxe4 25. f3 Ng5 26. Kg3 Qa6 27. Kh2 Qd6 28. Qa3 Qb8 29. f4 Ne4 30. Qe7 Qd6 31. Qxd6 Rxd6 32. Rdc1 f6 33. Nd3 Rf7 34. Rc8+ Kg7 35. R8c7 Rdd7 36. Rxd7 Rxd7 37. g4 Nd2 38. Kg2 b6 39. Rc2 Nc4 40. Re2 Rc7 41. f5 Kf7 42. Nf4 Rd7 43. Kf3 b5 44. Nh5 Rd6 45. Rc2 Rc6 46. Ke2 Ke7 47. Kd3 Na5 48. Rc5 Rb6 49. Nf4 Rb7 50. Nxd5+ Kf7 51. Rc7+ Rxc7 52. Nxc7 1-0

[Event "Muensterland Regionalliga 2526"]
[Site "Germany"]
[Date "2025.11.08"]
[Round "3"]
[Board "5"]
[White "Bergemann, Martin"]
[Black "Luetkehermoelle, Martin"]
[Result "1/2-1/2"]
[WhiteElo "1891"]
[BlackElo "1927"]
[WhiteFideId "-1"]
[BlackFideId "-1"]
[PlyCount "48"]
[GameId "2243755605065868"]
[EventDate "2025.??.??"]
[EventType "team-tourn"]
[EventRounds "9"]
[EventCountry "GER"]
[SourceTitle "Verband Muensterland"]
[SourceDate "2025.09.21"]
[SourceVersion "1"]
[SourceVersionDate "2025.09.21"]
[SourceQuality "1"]
[WhiteTeam "Raesfeld Erle II"]
[BlackTeam "Gronau"]
[WhiteTeamCountry "GER"]
[BlackTeamCountry "GER"]

1. d4 Nf6 2. Bg5 d5 3. Bxf6 exf6 4. e3 Bd6 5. Bd3 f5 6. Qf3 g6 7. Nd2 c6 8. Ne2 Nd7 9. c4 dxc4 10. Nxc4 Bc7 11. Rd1 Nf6 12. Nc3 Be6 13. h3 Bd5 14. Nxd5 cxd5 15. Nd2 Ne4 16. Bb5+ Kf8 17. Nxe4 fxe4 18. Qe2 Qd6 19. a3 a6 20. Ba4 Ba5+ 21. Kf1 Kg7 22. g3 b5 23. Bb3 h5 24. h4 Rac8 1/2-1/2

[Event "Muensterland Regionalliga 2526"]
[Site "Germany"]
[Date "2025.11.08"]
[Round "3"]
[Board "6"]
[White "Langendijk, Andre"]
[Black "Boelker, Franz"]
[Result "0-1"]
[WhiteElo "1859"]
[BlackElo "1805"]
[WhiteFideId "-1"]
[BlackFideId "-1"]
[PlyCount "90"]
[GameId "2243755605065870"]
[EventDate "2025.??.??"]
[EventType "team-tourn"]
[EventRounds "9"]
[EventCountry "GER"]
[SourceTitle "Verband Muensterland"]
[SourceDate "2025.09.21"]
[SourceVersion "1"]
[SourceVersionDate "2025.09.21"]
[SourceQuality "1"]
[WhiteTeam "Gronau"]
[BlackTeam "Raesfeld Erle II"]
[WhiteTeamCountry "GER"]
[BlackTeamCountry "GER"]

1. c4 Nf6 2. Nc3 g6 3. e4 d6 4. d4 Bg7 5. Nf3 O-O 6. Be2 Nbd7 7. h3 e5 8. d5 a5 9. Be3 Qe7 10. O-O Nc5 11. Qc2 Ne8 12. a3 f5 13. Bxc5 dxc5 14. Rfe1 f4 15. Rad1 Nd6 16. Nh2 h5 17. Nb5 Qf7 18. Nxd6 cxd6 19. Rb1 a4 20. Red1 g5 21. Rd3 Qg6 22. f3 g4 23. hxg4 hxg4 24. fxg4 Qxe4 25. Bf3 Qg6 26. Re1 Bd7 27. Be4 Qg5 28. Qe2 Rf6 29. Rf1 Rh6 30. Rh3 Rf8 31. Rd1 Kf7 32. Rxh6 Bxh6 33. Rd3 Rg8 34. Rh3 Bg7 35. Rh5 Qe7 36. Qd3 Rh8 37. Bh7 Ke8 38. Nf3 e4 39. Bg6+ Kd8 40. Bxe4 Bxg4 41. Rxh8+ Bxh8 42. Nh2 Bd4+ 43. Kf1 Bh5 44. Bf3 Qh4 45. Qe2 Qxh2 0-1

[Event "Muensterland Regionalliga 2526"]
[Site "Germany"]
[Date "2025.11.08"]
[Round "3"]
[Board "7"]
[White "Broemmel, Chris"]
[Black "Rothkegel, Juergen"]
[Result "1/2-1/2"]
[WhiteElo "1827"]
[BlackElo "1880"]
[WhiteFideId "-1"]
[BlackFideId "-1"]
[PlyCount "55"]
[GameId "2243755605074064"]
[EventDate "2025.??.??"]
[EventType "team-tourn"]
[EventRounds "9"]
[EventCountry "GER"]
[SourceTitle "Verband Muensterland"]
[SourceDate "2025.09.21"]
[SourceVersion "1"]
[SourceVersionDate "2025.09.21"]
[SourceQuality "1"]
[WhiteTeam "Raesfeld Erle II"]
[BlackTeam "Gronau"]
[WhiteTeamCountry "GER"]
[BlackTeamCountry "GER"]

1. e4 c5 2. Nf3 d6 3. c3 Nf6 4. Qc2 e6 5. d4 Be7 6. Bd3 h6 7. h3 Nc6 8. Be3 Qc7 9. Nbd2 Bd7 10. O-O O-O 11. Rfe1 Rfe8 12. Nf1 Rac8 13. Rad1 Bf8 14. Ng3 e5 15. dxc5 dxc5 16. Nh4 Be6 17. Nhf5 c4 18. Be2 b5 19. a3 a5 20. Ra1 Red8 21. Red1 Kh7 22. Qc1 Nxe4 23. Qc2 Nxg3 24. fxg3 g6 25. Nh4 Rxd1+ 26. Rxd1 Rd8 27. Rf1 Bg7 28. g4 1/2-1/2

[Event "Muensterland Regionalliga 2526"]
[Site "Germany"]
[Date "2025.11.08"]
[Round "3"]
[Board "8"]
[White "Storck, Martin"]
[Black "Harrison, Falk"]
[Result "1/2-1/2"]
[WhiteElo "1846"]
[BlackElo "1640"]
[WhiteFideId "-1"]
[BlackFideId "-1"]
[PlyCount "99"]
[GameId "2243755605074066"]
[EventDate "2025.??.??"]
[EventType "team-tourn"]
[EventRounds "9"]
[EventCountry "GER"]
[SourceTitle "Verband Muensterland"]
[SourceDate "2025.09.21"]
[SourceVersion "1"]
[SourceVersionDate "2025.09.21"]
[SourceQuality "1"]
[WhiteTeam "Gronau"]
[BlackTeam "Raesfeld Erle II"]
[WhiteTeamCountry "GER"]
[BlackTeamCountry "GER"]

1. c4 c5 2. Nc3 Nf6 3. g3 d5 4. cxd5 Nxd5 5. Bg2 Nc7 6. Nf3 Nc6 7. O-O e5 8. d3 Be7 9. a3 O-O 10. h3 Kh8 11. b3 Bd7 12. Bb2 f6 13. Rc1 Rb8 14. Kh2 Qe8 15. Ne4 Ne6 16. e3 Qf7 17. d4 cxd4 18. exd4 exd4 19. Nxd4 Ncxd4 20. Bxd4 Bb5 21. Bxa7 Ra8 22. Be3 Bxf1 23. Qxf1 f5 24. Nc5 Nxc5 25. Bxc5 Bxc5 26. Rxc5 Qxb3 27. Rb5 Qxa3 28. Rxb7 Rab8 29. Rxb8 Rxb8 30. Bd5 Qd6 31. Qc4 Rf8 32. Bf3 f4 33. g4 Rd8 34. Kg2 Qf8 35. Qc1 Rd4 36. Qc7 h6 37. Qe5 Rd8 38. Qe4 Qf6 39. Kh1 Qd4 40. Qe7 Qd6 41. Qf7 Rf8 42. Qa2 Qd8 43. Qe6 Qf6 44. Qa2 Qg5 45. Qa3 Rd8 46. Qc3 Qf6 47. Qc2 Rf8 48. Qc5 Re8 49. Qc2 Rf8 50. Qc5 1/2-1/2

[Event "Muensterland Regionalliga 2526"]
[Site "Germany"]
[Date "2025.11.08"]
[Round "3"]
[Board "1"]
[White "Arning, Marcus"]
[Black "Wellen, Hendrik"]
[Result "1/2-1/2"]
[WhiteElo "1921"]
[BlackElo "1995"]
[WhiteFideId "-1"]
[BlackFideId "-1"]
[PlyCount "172"]
[GameId "2243755718111660"]
[EventDate "2025.??.??"]
[EventType "team-tourn"]
[EventRounds "9"]
[EventCountry "GER"]
[SourceTitle "Verband Muensterland"]
[SourceDate "2025.09.21"]
[SourceVersion "1"]
[SourceVersionDate "2025.09.21"]
[SourceQuality "1"]
[WhiteTeam "Steinfurt"]
[BlackTeam "Heiden"]
[WhiteTeamCountry "GER"]
[BlackTeamCountry "GER"]

1. d4 d5 2. Nc3 Nf6 3. Bf4 e6 4. Nb5 Na6 5. e3 Be7 6. Nf3 O-O 7. Ne5 c6 8. Nc3 Qa5 9. Bd3 Nb4 10. Be2 c5 11. O-O Nc6 12. dxc5 Nxe5 13. Bxe5 Bd7 14. Qd4 Qxc5 15. Bd3 Qxd4 16. exd4 a6 17. f4 g6 18. Bc7 Rfc8 19. Ba5 Ng4 20. Rfc1 Ne3 21. Nd1 Nc4 22. Be1 b5 23. c3 a5 24. Bxc4 Rxc4 25. Ne3 Rc6 26. g4 Bf6 27. Bd2 Rb8 28. g5 Bg7 29. Ng4 Bc8 30. Ne5 Rc7 31. Kf2 Ba6 32. Ke3 Rbc8 33. h4 Bf8 34. h5 b4 35. hxg6 hxg6 36. cxb4 Rxc1 37. Rxc1 Rxc1 38. Bxc1 axb4 39. Bd2 Bb5 40. Nd3 Bxd3 41. Kxd3 Bd6 42. Kc2 Kf8 43. Kb3 Ke8 44. a3 bxa3 45. bxa3 Kd7 46. a4 Kc6 47. Bc1 Kb6 48. Be3 Ka6 49. Bc1 Bc7 50. Bd2 Bb6 51. Bc3 Bc7 52. Bd2 Bd6 53. Be3 Kb6 54. Bc1 Ka5 55. Bd2+ Kb6 56. Be3 Be7 57. Bc1 f6 58. Be3 fxg5 59. fxg5 Bd6 60. Bc1 Bg3 61. Be3 Be1 62. Bf4 Bh4 63. Ka3 Kc6 64. Kb3 Be1 65. Ka3 Ba5 66. Kb3 Bd8 67. Be3 Kb6 68. Bf4 Ka5 69. Bd2+ Ka6 70. Bf4 Be7 71. Be3 Bd6 72. Bc1 Kb6 73. Bd2 Bg3 74. Be3 Kc6 75. Ka3 Kb6 76. Kb3 Ka5 77. Bd2+ Ka6 78. Be3 Kb6 79. Ka3 Bh2 80. Kb3 Bd6 81. Bc1 Bg3 82. Be3 Ka5 83. Bd2+ Kb6 84. Be3 Ka5 85. Bd2+ Kb6 86. Be3 Ka5 1/2-1/2

[Event "Muensterland Regionalliga 2526"]
[Site "Germany"]
[Date "2025.11.08"]
[Round "3"]
[Board "2"]
[White "Leidig, Andreas"]
[Black "Plotz, Noah"]
[Result "1/2-1/2"]
[WhiteElo "1897"]
[BlackElo "1861"]
[WhiteFideId "-1"]
[BlackFideId "-1"]
[PlyCount "52"]
[GameId "2243755718111662"]
[EventDate "2025.??.??"]
[EventType "team-tourn"]
[EventRounds "9"]
[EventCountry "GER"]
[SourceTitle "Verband Muensterland"]
[SourceDate "2025.09.21"]
[SourceVersion "1"]
[SourceVersionDate "2025.09.21"]
[SourceQuality "1"]
[WhiteTeam "Heiden"]
[BlackTeam "Steinfurt"]
[WhiteTeamCountry "GER"]
[BlackTeamCountry "GER"]

1. e4 c5 2. Nf3 e6 3. d4 cxd4 4. Nxd4 Nf6 5. Nc3 Nc6 6. Ndb5 Bc5 7. Nd6+ Ke7 8. Nc4 d5 9. exd5 exd5 10. Na3 Re8 11. Be2 d4 12. Ncb1 Kf8 13. O-O Ne4 14. Nd2 Nxf2 15. Rxf2 d3 16. Bxd3 Qh4 17. Qf1 Bg4 18. Ne4 Rxe4 19. Bxe4 Re8 20. g3 Qf6 21. Kg2 Bxf2 22. Qxf2 Qxf2+ 23. Kxf2 Rxe4 24. Be3 f5 25. Re1 Kf7 26. Nb5 Rb4 1/2-1/2

[Event "Muensterland Regionalliga 2526"]
[Site "Germany"]
[Date "2025.11.08"]
[Round "3"]
[Board "3"]
[White "Janning, Rainer"]
[Black "Wienen, Hermann"]
[Result "1/2-1/2"]
[WhiteElo "1826"]
[BlackElo "1875"]
[WhiteFideId "-1"]
[BlackFideId "-1"]
[PlyCount "42"]
[GameId "2243755718111664"]
[EventDate "2025.??.??"]
[EventType "team-tourn"]
[EventRounds "9"]
[EventCountry "GER"]
[SourceTitle "Verband Muensterland"]
[SourceDate "2025.09.21"]
[SourceVersion "1"]
[SourceVersionDate "2025.09.21"]
[SourceQuality "1"]
[WhiteTeam "Steinfurt"]
[BlackTeam "Heiden"]
[WhiteTeamCountry "GER"]
[BlackTeamCountry "GER"]

1. f4 Nf6 2. Nf3 d5 3. e3 Nc6 4. Bb5 Bd7 5. b3 e6 6. Bb2 Be7 7. O-O O-O 8. Bxc6 Bxc6 9. Ne5 Be8 10. Rf3 Nd7 11. Rh3 f6 12. Nxd7 Qxd7 13. d3 Bg6 14. Nd2 Rad8 15. Nf3 c5 16. Qe2 Bd6 17. Nh4 Bf7 18. Rf1 e5 19. f5 d4 20. e4 Be8 21. Rff3 Bh5 1/2-1/2

[Event "Muensterland Regionalliga 2526"]
[Site "Germany"]
[Date "2025.11.08"]
[Round "3"]
[Board "4"]
[White "Berger, Alfred"]
[Black "Raue, Thorsten"]
[Result "1-0"]
[WhiteElo "1848"]
[BlackElo "1693"]
[WhiteFideId "-1"]
[BlackFideId "-1"]
[PlyCount "61"]
[GameId "2243755718111666"]
[EventDate "2025.??.??"]
[EventType "team-tourn"]
[EventRounds "9"]
[EventCountry "GER"]
[SourceTitle "Verband Muensterland"]
[SourceDate "2025.09.21"]
[SourceVersion "1"]
[SourceVersionDate "2025.09.21"]
[SourceQuality "1"]
[WhiteTeam "Heiden"]
[BlackTeam "Steinfurt"]
[WhiteTeamCountry "GER"]
[BlackTeamCountry "GER"]

1. Nf3 Nf6 2. c4 g6 3. Nc3 c5 4. d4 cxd4 5. Nxd4 Nc6 6. Bg5 Bg7 7. e3 Qa5 8. Bxf6 Bxf6 9. a3 Qb6 10. Nd5 Qd8 11. Nxf6+ exf6 12. Nb5 O-O 13. Qd6 b6 14. Rd1 a6 15. Nc7 Ra7 16. Nd5 Kg7 17. Be2 Re8 18. h4 Ne5 19. Qxb6 Qxb6 20. Nxb6 Rc7 21. b4 f5 22. c5 a5 23. O-O axb4 24. axb4 Nc6 25. Nd5 Ra7 26. Ra1 Bb7 27. Rxa7 Nxa7 28. Ra1 Nc8 29. Nc7 Re4 30. b5 Rxh4 31. Rd1 1-0

[Event "Muensterland Regionalliga 2526"]
[Site "Germany"]
[Date "2025.11.08"]
[Round "3"]
[Board "5"]
[White "Haselhorst, Helmut"]
[Black "Niewerth, Gerd"]
[Result "1/2-1/2"]
[WhiteElo "1839"]
[BlackElo "1838"]
[WhiteFideId "-1"]
[BlackFideId "-1"]
[PlyCount "91"]
[GameId "2243755718111668"]
[EventDate "2025.??.??"]
[EventType "team-tourn"]
[EventRounds "9"]
[EventCountry "GER"]
[SourceTitle "Verband Muensterland"]
[SourceDate "2025.09.21"]
[SourceVersion "1"]
[SourceVersionDate "2025.09.21"]
[SourceQuality "1"]
[WhiteTeam "Steinfurt"]
[BlackTeam "Heiden"]
[WhiteTeamCountry "GER"]
[BlackTeamCountry "GER"]

1. e4 c6 2. d4 d5 3. Nd2 dxe4 4. Nxe4 Bf5 5. Ng3 Bg6 6. h4 h6 7. h5 Bh7 8. Nf3 Nd7 9. Bd3 Bxd3 10. Qxd3 Ngf6 11. Bd2 Qc7 12. O-O-O e6 13. Kb1 O-O-O 14. c4 Bd6 15. Ne4 Nxe4 16. Qxe4 Nf6 17. Qe2 c5 18. Bc3 Rhe8 19. dxc5 Bxc5 20. Ne5 Rxd1+ 21. Rxd1 Rd8 22. Rxd8+ Kxd8 23. f4 Kc8 24. g4 Ne8 25. g5 Bf8 26. a3 Bd6 27. g6 f6 28. Nf7 Qd7 29. f5 e5 30. Qe4 Bc5 31. Ka2 Qc7 32. Qd5 Be7 33. b4 Qd7 34. Qxd7+ Kxd7 35. Bd2 Bf8 36. Kb3 Nc7 37. Kc3 Ne8 38. Kd3 a6 39. a4 Nc7 40. b5 Ne8 41. Ke4 Nc7 42. Bc3 Ne8 43. Ba5 Be7 44. Bb6 Bd6 45. Kd5 Bf8 46. Be3 1/2-1/2

[Event "Muensterland Regionalliga 2526"]
[Site "Germany"]
[Date "2025.11.08"]
[Round "3"]
[Board "6"]
[White "Meis, Jonas"]
[Black "Raus, Christina"]
[Result "0-1"]
[WhiteElo "1754"]
[BlackElo "1527"]
[WhiteFideId "-1"]
[BlackFideId "-1"]
[PlyCount "82"]
[GameId "2243755718111670"]
[EventDate "2025.??.??"]
[EventType "team-tourn"]
[EventRounds "9"]
[EventCountry "GER"]
[SourceTitle "Verband Muensterland"]
[SourceDate "2025.09.21"]
[SourceVersion "1"]
[SourceVersionDate "2025.09.21"]
[SourceQuality "1"]
[WhiteTeam "Heiden"]
[BlackTeam "Steinfurt"]
[WhiteTeamCountry "GER"]
[BlackTeamCountry "GER"]

1. Nf3 d5 2. e3 e6 3. c4 Nf6 4. Nc3 c6 5. b3 Bd6 6. d4 b6 7. Bb2 O-O 8. Bd3 Nbd7 9. O-O Re8 10. e4 dxe4 11. Nxe4 Nxe4 12. Bxe4 Bb7 13. Re1 Qc7 14. g3 Be7 15. Bd3 Bf6 16. Ne5 g6 17. Qg4 c5 18. Nxd7 Qxd7 19. Rad1 Bxd4 20. Bc1 Qc7 21. Bh6 Bg7 22. Bc1 Rad8 23. h4 Rd4 24. Qh3 Red8 25. Bc2 Rxd1 26. Rxd1 Rxd1+ 27. Bxd1 Qe5 28. Qf1 Qe4 29. f3 Bd4+ 30. Kh2 Qb1 31. Bh6 Qxa2+ 32. Kh3 Qf2 33. Qd3 e5 34. Bd2 Bc8+ 35. g4 Qg1 36. Be2 Kg7 37. Bc3 h5 38. Bxd4 Qxd4 39. Qxd4 cxd4 40. Bd3 hxg4+ 41. fxg4 f5 0-1

[Event "Muensterland Regionalliga 2526"]
[Site "Germany"]
[Date "2025.11.08"]
[Round "3"]
[Board "7"]
[White "Weiermann, Ewald"]
[Black "Dolle, Stefan"]
[Result "1/2-1/2"]
[WhiteElo "1595"]
[BlackElo "1767"]
[WhiteFideId "-1"]
[BlackFideId "-1"]
[PlyCount "49"]
[GameId "2243755718111672"]
[EventDate "2025.??.??"]
[EventType "team-tourn"]
[EventRounds "9"]
[EventCountry "GER"]
[SourceTitle "Verband Muensterland"]
[SourceDate "2025.09.21"]
[SourceVersion "1"]
[SourceVersionDate "2025.09.21"]
[SourceQuality "1"]
[WhiteTeam "Steinfurt"]
[BlackTeam "Heiden"]
[WhiteTeamCountry "GER"]
[BlackTeamCountry "GER"]

1. d4 d5 2. e3 e6 3. c4 Nf6 4. Nc3 Be7 5. Nf3 O-O 6. Be2 a6 7. O-O dxc4 8. Bxc4 b5 9. Bd3 Bb7 10. a3 c5 11. dxc5 Bxc5 12. b4 Bb6 13. Be2 Qe7 14. Bb2 Rd8 15. Qb3 Nbd7 16. a4 bxa4 17. Nxa4 Bc7 18. Nc5 Nxc5 19. bxc5 Ne4 20. Rfc1 Bd5 21. Qc2 a5 22. Bd3 f5 23. Be5 Bxe5 24. Nxe5 Rdc8 25. c6 1/2-1/2

[Event "Muensterland Regionalliga 2526"]
[Site "Germany"]
[Date "2025.11.08"]
[Round "3"]
[Board "8"]
[White "Sicking, Norbert"]
[Black "Mennigen, Niklas"]
[Result "1-0"]
[WhiteElo "1734"]
[BlackElo "1444"]
[WhiteFideId "-1"]
[BlackFideId "-1"]
[PlyCount "99"]
[GameId "2243755718111674"]
[EventDate "2025.??.??"]
[EventType "team-tourn"]
[EventRounds "9"]
[EventCountry "GER"]
[SourceTitle "Verband Muensterland"]
[SourceDate "2025.09.21"]
[SourceVersion "1"]
[SourceVersionDate "2025.09.21"]
[SourceQuality "1"]
[WhiteTeam "Heiden"]
[BlackTeam "Steinfurt"]
[WhiteTeamCountry "GER"]
[BlackTeamCountry "GER"]

1. d4 d5 2. Nf3 Nf6 3. g3 Bg4 4. Bg2 e6 5. O-O Bd6 6. c3 Nbd7 7. Nbd2 O-O 8. Qe1 c5 9. e4 dxe4 10. Nxe4 Nxe4 11. Qxe4 Bxf3 12. Bxf3 cxd4 13. Qxd4 Bc5 14. Qe4 Rb8 15. b4 Nf6 16. Qe2 Be7 17. a3 b6 18. Rd1 Qc7 19. Bf4 Qxc3 20. Bxb8 Rxb8 21. Bg2 Rc8 22. Qd3 Qe5 23. Rac1 Rf8 24. Qc3 Qh5 25. Qc7 Ng4 26. h3 Nxf2 27. Kxf2 Bf6 28. Rd3 Qf5+ 29. Rf3 Bd4+ 30. Kf1 Qb5+ 31. Qc4 Qg5 32. h4 Qd2 33. Qc2 Qh6 34. Rd1 Be5 35. Rd7 g6 36. Qd2 Qh5 37. Rd8 Qg4 38. Rxf8+ Kxf8 39. Qd3 Kg7 40. Kg1 g5 41. hxg5 Qxg5 42. Bf1 h5 43. Kg2 f5 44. Qd7+ Kh8 45. Qxe6 f4 46. Bd3 h4 47. g4 Bf6 48. Qf5 Qh6 49. Qxf4 h3+ 50. Rxh3 1-0